| 000 | 00000nam 2200000za 4500 |
| 001 | 9.812199 |
| 003 | CaOODSP |
| 005 | 20221107141250 |
| 007 | cr ||||||||||| |
| 008 | 160301s2016 onc|||||o f|0| 0 eng d |
| 040 | |aCaOODSP|beng |
| 043 | |an-cn--- |
| 086 | 1 |aYC17-0/421-2E-PDF |
| 110 | 1 |aCanada. |bParliament. |bSenate. |bStanding Committee on Social Affairs, Science and Technology. |
| 245 | 10|aObesity in Canada |h[electronic resource] : |ba whole-of-society approach for a healthier Canada / |cThe Honourable Kelvin Kenneth Ogilvie, Chair ; The Honourable Art Eggleton, P.C., Deputy Chair. |
| 260 | |aOttawa : |bSenate, |c2016. |
| 300 | |av, 48 p. : |bphotos, tables. |
| 490 | 1 |aReport of the Standing Senate Committee on Social Affairs, Science and Technology ; |v[42nd Parliament, 1st Session, 2nd report] |
| 500 | |aMarch 2016. |
| 500 | |aIssued also in French under title: L’obésité au Canada: une approche pansociétale pour un Canada en meilleure santé. |
| 504 | |aIncludes bibliographical references. |
| 692 | 07|2gccst|aObesity |
| 775 | 08|tL'obésité au Canada |w(CaOODSP)9.812205 |
| 830 | #0|aReport of the Standing Senate Committee on Social Affairs, Science and Technology ;|v[42nd Parliament, 1st Session, 2nd report]|w(CaOODSP)9.505256 |
| 856 | 40|qPDF|s905 KB|uhttps://publications.gc.ca/collections/collection_2016/sen/yc17-0/YC17-0-421-2-eng.pdf |